| 000 | 01050nam a2200229 i 4500 | ||
|---|---|---|---|
| 001 | 165723 | ||
| 003 | ES-MaACL | ||
| 005 | 20250911063601.0 | ||
| 008 | 940301s1891 sp abf |||| |dspa d | ||
| 100 | 1 |
_aStanley, Henry M., _d1841-1904 _9107904 |
|
| 245 | 1 | 0 |
_aEn el África tenebrosa _b: historia de la expedición emprendida en busca y auxilio de Emin, gobernador de la provincia ecuatorial egipcia / _cpor Enrique M. Stanley ; traducida del inglés por José Coroleu... |
| 260 |
_aBarcelona : _bEspasa y Compañia, _c[1891] |
||
| 300 |
_aXX, 840 p., [52] h. de lám. col. y n. : _bil., mapas ; _c31 cm. |
||
| 530 | _aDisponible en formato digital. | ||
| 596 | _aPalau XXII, 143 lo fecha en 1891. | ||
| 600 | 0 | 4 |
_aEmin Pash ( _d1840-1892) _9155241 |
| 651 | 4 |
_aÁfrica central- _xDescripción. _9155240 |
|
| 700 | 1 |
_aCoroleu é Inglada, José. _940650 |
|
| 852 |
_aES-MaACL _jB-2132 _z- Enc. hol. deteriorada |
||
| 856 |
_uhttp://bdh-rd.bne.es/viewer.vm?id=0000007914&page=1 _zBiblioteca Digital Hispánica |
||
| 999 |
_c165723 _d165723 |
||